Postavenie cestovného ruchu mesta Bratislava v porovnaní s vybranými európskymi hlavnými mestami bakalárska práca

Salvato in:
Dettagli Bibliografici
Autore principale: Kalmárová, Kristína
Ente Autore: Obchodná fakulta EU. Katedra cestovného ruchu
Altri autori: Pospíšilová, Vanesa, 1998-
Natura: Libro
Lingua:slovacco
Pubblicazione: Bratislava 2025
Tags: Aggiungi Tag
Nessun Tag, puoi essere il primo ad aggiungerne!!

MARC

LEADER 00000nbm a2200000 4500
001 0311144
005 20251112134036.7
041 0 |a slo 
044 |a SK 
245 1 0 |a Postavenie cestovného ruchu mesta Bratislava v porovnaní s vybranými európskymi hlavnými mestami  |b bakalárska práca  |c Kristína Kalmárová ; školiteľ: Vanesa Pospíšilová 
264 1 |a Bratislava  |c 2025 
300 |a 52 s. 
100 1 |a Kalmárová, Kristína 
700 1 |a Pospíšilová, Vanesa, 1998- 
710 2 |a Obchodná fakulta EU. Katedra cestovného ruchu